000
00289nam a22001337a 4500
008
170907b xxu||||| |||| 00| 0 eng d
020
_a
0805200940
041
_a
eng
080
_a
72
100
_a
41
101
_a
ark
245
_a
PAITING IN ITALY
_c
FREDBERG.S.J
942
_2
udc
_c
BK
999
_c
26422
_d
26422